| 000 | 00377 a2200157 4500 | ||
|---|---|---|---|
| 001 | 186435 | ||
| 020 | _a | ||
| 040 | _cMagnum | ||
| 100 | _aCardoso, Yara Lúcia Hilel | ||
| 240 | 1 | 0 |
_aBill, o mágico que morava nos ouvidos _lpor |
| 245 | 1 | 0 | _aBill, o mágico que morava nos ouvidos |
| 300 | _a24 | ||
| 362 | 0 | _a1998 | |
| 697 | _aLITERATURA INFANTO-JUVENIL | ||
| 942 | _cBK | ||
| 999 |
_c186435 _d186435 |
||